LEADER 03413nam 2200613 a 450 001 9910459661003321 005 20200520144314.0 010 $a1-282-64486-6 010 $a9786612644863 010 $a0-309-14943-6 035 $a(CKB)2670000000040024 035 $a(EBL)3378621 035 $a(SSID)ssj0000429259 035 $a(PQKBManifestationID)11249697 035 $a(PQKBTitleCode)TC0000429259 035 $a(PQKBWorkID)10429978 035 $a(PQKB)11505641 035 $a(MiAaPQ)EBC3378621 035 $a(Au-PeEL)EBL3378621 035 $a(CaPaEBR)ebr10395835 035 $a(CaONFJC)MIL264486 035 $a(OCoLC)923281823 035 $a(EXLCZ)992670000000040024 100 $a20100804d2010 uy 0 101 0 $aeng 135 $aurcn||||||||| 181 $ctxt 182 $cc 183 $acr 200 10$aSynthetic biology$b[electronic resource] $ebuilding on nature's inspiration : interdisciplinary research team summaries : Conference, Arnold and Mabel Beckman Center, Irvine, California, November 20-22, 2009 210 $aWashington, D.C. $cNational Academies Press$d2010 215 $a1 online resource (120 p.) 300 $aDescription based upon print version of record. 311 $a0-309-14942-8 320 $aIncludes bibliographical references. 327 $a""Front Matter""; ""The National Academies Keck Futures Initiative""; ""Preface""; ""Contents""; ""Conference Summary""; ""IDR Team Summary 1: What new foundational technologies and tools are required to make biology easier to engineer?""; ""IDR Team Summary 2: What are the significant differences, if any, between risk assessment capacity and religious analyses of the moral permissibly for synthetic biology applications and other biotechnology applications?"" 327 $a""IDR Team Summary 3: Reconstructing gene circuitry: How can synthetic biology lead us to an understanding of the principles underlying natural genetic circuits and to the discovery of new biology?""""IDR Team Summary 4: Designing communities of cells: how do we create communication and collaboration between cells to allow for specialization and division of labor?""; ""IDR Team Summary 5: Why are human-designed biological circuits and devices fragile and inaccurate relative to their natural counterparts?"" 327 $a""IDR Team Summary 6: How can genomics be leveraged to develop coherent approaches for rapidly exploring the biochemical diversity in and engineering of non-model organisms?""""IDR Team Summary 7: How do we move beyond genetics to engage chemical and physical approaches to synthetic biology?""; ""IDR Team Summary 8: What is the role of evolution and evolvability in synthetic biology?""; ""IDR Team Summary 9: How do we maximally capitalize on the promise of synthetic biology?""; ""Appendixes""; ""List of Synthetic Biology Podcast Tutorials""; ""Agenda""; ""Participants"" 606 $aSynthetic biology$vCongresses 606 $aBioengineering$vCongresses 606 $aBiotechnology$vCongresses 608 $aElectronic books. 615 0$aSynthetic biology 615 0$aBioengineering 615 0$aBiotechnology 676 $a570.7 712 02$aArnold and Mabel Beckman Center. 801 0$bMiAaPQ 801 1$bMiAaPQ 801 2$bMiAaPQ 906 $aBOOK 912 $a9910459661003321 996 $aSynthetic Biology$91413076 997 $aUNINA